000 00267nam a22001217a 4500
040 _cLP
082 _a635
100 _aNA
245 _aPostharvest handing of fresh cut flowers and plant material
260 _aThailand
_bNA
_c1997
300 _a11p;
942 _cAEDBB
999 _c10299
_d10299